| 000 | 00894nam a2200229Ii 4500 | ||
|---|---|---|---|
| 003 | JO-AjNU | ||
| 008 | 230605s9999||||xx |||||||||||||| ||und|| | ||
| 017 | _a2010/8/3133 | ||
| 020 | _a9957-16-670-0 | ||
| 040 |
_aJO-AjNU _bara _erda _cJO-AjNU |
||
| 041 | _aara | ||
| 050 | 1 | 4 | _aK3240.4.2011 |
| 100 | 3 |
_a شبل ، بدر الدين محمد , _eauthor _931282 |
|
| 245 | 0 | 0 | _aالحماية الدولية الجنائية لحقوق الإنسان وحرياته الأساسية : دراسة في المصادر والآليات النظرية والممارسة العملية |
| 250 | _aط1 | ||
| 264 | 3 | 1 | _aعمان : دار الثقافة ، 2011 |
| 300 | _a800ص | ||
| 336 |
_atext _btxt _2rdacontent |
||
| 337 |
_aunmediated _bn _2rdamedia |
||
| 338 |
_avolume _bnc _2rdacarrier |
||
| 650 | 4 |
_aحقوق الانسان -- الحقوق المدنية والإنسانية _931283 |
|
| 999 |
_aA12496 _c16064 _d16064 |
||